स्वातंत्र्यलढा आणि संस्थाने: पश्चिम महाराष्ट्रातील संस्थानांची भूमिका (Record no. 370502)
[ view plain ]
| 000 -LEADER | |
|---|---|
| fixed length control field | 00586nam a2200157 4500 |
| 005 - DATE AND TIME OF LATEST TRANSACTION | |
| control field | 20260221164418.0 |
| 008 - FIXED-LENGTH DATA ELEMENTS--GENERAL INFORMATION | |
| fixed length control field | 260221b |||||||| |||| 00| 0 eng d |
| 041 ## - LANGUAGE CODE | |
| Language code of text/sound track or separate title | Marathi |
| 082 ## - DEWEY DECIMAL CLASSIFICATION NUMBER | |
| Classification number | X 891 TAL |
| Item number | B12245 |
| 100 ## - MAIN ENTRY--PERSONAL NAME | |
| Author | तेलंग विनिता |
| 245 ## - TITLE STATEMENT | |
| Title | स्वातंत्र्यलढा आणि संस्थाने: पश्चिम महाराष्ट्रातील संस्थानांची भूमिका |
| 260 ## - PUBLICATION, DISTRIBUTION, ETC. | |
| Place of publication, distribution, etc. | Pune |
| Name of publisher, distributor, etc. | Bharatiya Vichar Sadhana |
| Date of publication, distribution, etc. | 2022 |
| 300 ## - PHYSICAL DESCRIPTION | |
| Extent | 72p |
| Other physical details | pb |
| 365 ## - TRADE PRICE | |
| Price type code | Rupaye |
| Price amount | 70 |
| Currency code | INR |
| 942 ## - ADDED ENTRY ELEMENTS (KOHA) | |
| Koha item type | Books |
No items available.